00000000nam 2200000zi 4500
0019.947490
003CaOODSP
00520250130101533
006m     o  d f      
007cr bn|||||||||
008250129e197209##oncd    ob   f100 0 eng d
040 |aCaOODSP|beng|erda|cCaOODSP
043 |an-cn---
0861 |aDR52-19/3-1972E-PDF
1001 |aForshaw, S. E., |eauthor.
24510|aHearing-loss risk in Canadian Forces aircraft / |cS.E. Forshaw.
264 1|aDownsview, Ontario : |bDefence and Civil Institute of Environmental Medicine, Behavioural Sciences Division : |bDefence Research Board - Department of National Defence - Canada, |cSeptember 1972.
300 |a1 online resource (iii, 33 pages) : |bgraphs.
336 |atext|btxt|2rdacontent
337 |acomputer|bc|2rdamedia
338 |aonline resource|bcr|2rdacarrier
4901 |aDCIEM report ; |vno. 883
500 |aCover title.
500 |aIncludes an errata.
500 |aDigitized edition from print [produced by Defence R&D Canada].
500 |a"Prepared for the ASCC WP61 Symposium on Noise and Communication in Military Aircraft., Canberra, Australia, October 1972."
504 |aIncludes bibliographical references (page 12).
5203 |a"The levels of noise encountered in the crew compartments (during normal cruise conditions) of aircraft flown by the Canadian Forces (CF) during the past 25 years have been, in many instances, in excess of 115 dB. When men sustain repeated exposure to such levels for a number of years, it becomes vitally important to determine the effects of such exposure upon their hearing"--Abstract, page iii.
61010|aCanada. |bCanadian Armed Forces |xEmployees|xHealth risk assessment.
61016|aCanada. |bForces armées canadiennes |xPersonnel|xRisques pour la santé|xÉvaluation.
650 0|aDeafness, Noise induced|zCanada.
650 0|aAircraft cabins|xHuman factors|zCanada.
650 6|aSurdité due au bruit|zCanada.
650 6|aAvions|xCabines|xFacteurs humains|zCanada.
7102 |aDefence and Civil Institute of Environmental Medicine (Canada). |bBehavioral Sciences Division, |eissuing body.
7101 |aCanada. |bDefence Research Board, |eissuing body.
830#0|aDCIEM report ;|vno. 883.|w(CaOODSP)9.941842
85640|qPDF|s2.04 MB|uhttps://publications.gc.ca/collections/collection_2025/rddc-drdc/DR52-19-3-1972-eng.pdf